A guide to the preventive conservation of photograph collections

Uloženo v:
Podrobná bibliografie
Hlavní autoři: Lavédrine, Bertrand (autor), Gandolfo, Jean-Paul (Autor), Monod, Sibylle (Autor)
Médium: Kniha
Jazyk:angličtina
Vydáno: Los Angeles Getty 2003
Témata:
Tagy: Přidat tag
Žádné tagy, Buďte první, kdo vytvoří štítek k tomuto záznamu!

MARC

LEADER 00000nam a2200000 a 4500
001 UCL5975
003 CL-VaPUC
008 040326e20030000US |||||||||||||||||eng|d
020 |a 0892367016 
082 0 4 |a 770.74  |b LAV  |2 21 
100 |a Lavédrine, Bertrand  |e autor  |9 483690 
700 0 |a Gandolfo, Jean-Paul  |e author  |9 483691 
700 0 |a Monod, Sibylle  |e author  |9 483692 
245 1 2 |a A guide to the preventive conservation of photograph collections 
300 |a 286 p 
942 |c BK 
945 |d 20040326 00:00:00  |a cmena 
260 |a Los Angeles  |b Getty  |c 2003 
650 0 |a Fotografías  |9 268494 
650 7 |a PRESERVACION DE OBRAS DE ARTE  |2 CL-VaPUC  |9 346947 
650 0 |a Museos  |9 269209 
650 7 |a RESTAURACION  |2 CL-VaPUC  |9 411453 
583 |a last modification  |c 20040326 00:00:00  |k Rodrigo Vera 
999 |c 308289  |d 308287 
952 |0 0  |1 0  |4 0  |6 770_740000000000000_LAV_2003  |7 0  |8 A  |9 374650  |a BIBARQ  |b BIBARQ  |d 2019-11-21  |i 3998320  |o 770.74 LAV 2003  |p 3998320  |r 2025-01-20  |w 2019-11-21  |y BK  |k ARQ